000 00925nam a22003017a 4500
003 CHAP
005 20220329143142.0
008 060821d2001 es r 00110 spa d
010 _a92556
011 _a93528
020 _a8471149435
035 _a104104
040 _cCHAP
082 0 4 _a635.64
_bJ53
100 0 0 _aJones, J. Benton.
_962024
245 1 0 _aPlagas y enfermedades del tomate
_c/por J.B. Jones [y otros]
260 _aMadrid :
_bMundi-Prensa,
_c2001
300 _a74 p. :
_bilus.
590 _aBATCH-UPD
_b10
_c20130110
_lUCH01
_h0624
590 _aCONVERSION
_b10
_c20130109
_lUCH01
_h1351
650 1 4 _aTomate
_xEnfermedades.
_9113711
650 1 4 _aTomate
_xPlagas.
_9113748
901 _aBK
905 _aLilia
942 _cLIBRO
949 _a635.64 J53
_bBC
_cLIBRO
_d33724000993325
_eLIBRO
_h75571sust.
_i104104
_si
949 _a635.64 J53
_bBC
_cLIBRO
_d33724002050248
_eLIBRO
_fc.2
_h109154
_i104104
_so
_t$483.00
999 _c92556
_d92556